Normal view
MARC view
- Khaliq, Saim Bin Abdul
Entry Personal Name
001 - CONTROL NUMBER
- control field: 35267
003 - CONTROL NUMBER IDENTIFIER
- control field: NUST
005 - DATE AND TIME OF LATEST TRANSACTION
- control field: 20201113120934.0
008 - FIXED-LENGTH DATA ELEMENTS
- fixed length control field: 201113|| aca||aabn | a|a d
040 ## - CATALOGING SOURCE
- Original cataloging agency: NUST
- Transcribing agency: NUST
100 ## - HEADING--PERSONAL NAME
- Personal name: Khaliq, Saim Bin Abdul
670 ## - SOURCE DATA FOUND
- Source citation: Work cat.: (NUST): Khaliq, Saim Bin Abdul, Defence Against PUE Attock in CRN: A Game Theoretic Approach /, 2017
